Nelson textbook of pediatrics. (Record no. 200468273)

MARC details
000 -LEADER
fixed length control field 01185cam a2200385 i 4500
001 - CONTROL NUMBER
control field 200468273
003 - CONTROL NUMBER IDENTIFIER
control field TR-AnTOB
005 - DATE AND TIME OF LATEST TRANSACTION
control field 20260422135434.0
007 - PHYSICAL DESCRIPTION FIXED FIELD--GENERAL INFORMATION
fixed length control field ta
008 - FIXED-LENGTH DATA ELEMENTS--GENERAL INFORMATION
fixed length control field 260422t20002000paua b 001|0 eng
010 ## - LIBRARY OF CONGRESS CONTROL NUMBER
LC control number 98-50604
020 ## - INTERNATIONAL STANDARD BOOK NUMBER
International Standard Book Number 9780721677675
International Standard Book Number 0721677673
Qualifying information (hardback)
035 ## - SYSTEM CONTROL NUMBER
System control number (TR-AnTOB)200468273
040 ## - CATALOGING SOURCE
Original cataloging agency DNLM
Language of cataloging eng
Description conventions rda
Transcribing agency DNLM
Modifying agency TR-AnTOB
041 0# - LANGUAGE CODE
Language code of text/sound track or separate title İngilizce
060 04 - NATIONAL LIBRARY OF MEDICINE CALL NUMBER
Classification number WS 100
Item number N424 2000
096 ## - LOCALLY ASSIGNED NLM-TYPE CALL NUMBER (OCLC)
Classification number WS100
Item number N424 2000
245 00 - TITLE STATEMENT
Title Nelson textbook of pediatrics.
246 30 - VARYING FORM OF TITLE
Title proper/short title Textbook of pediatrics
250 ## - EDITION STATEMENT
Edition statement 16th edition /
Remainder of edition statement [edited by] Richard E. Behrman, Robert M. Kliegman, Hal B. Jenson.
264 #1 - PRODUCTION, PUBLICATION, DISTRIBUTION, MANUFACTURE, AND COPYRIGHT NOTICE
Place of production, publication, distribution, manufacture Philadelphia :
Name of producer, publisher, distributor, manufacturer W.B. Saunders Co.,
Date of production, publication, distribution, manufacture, or copyright notice 2000.
Date of production, publication, distribution, manufacture, or copyright notice ©2000
300 ## - PHYSICAL DESCRIPTION
Extent xlvii, 2414 pages :
Other physical details illustrations ;
Dimensions 29 cm
336 ## - CONTENT TYPE
Content type term text
Content type code txt
Source rdacontent
337 ## - MEDIA TYPE
Media type term unmediated
Media type code n
Source rdamedia
338 ## - CARRIER TYPE
Carrier type term volume
Carrier type code nc
Source rdacarrier
504 ## - BIBLIOGRAPHY, ETC. NOTE
Bibliography, etc. note Includes bibliographical references and index.
650 12 - SUBJECT ADDED ENTRY--TOPICAL TERM
Topical term or geographic name entry element Pediatrics
9 (RLIN) 126624
700 1# - ADDED ENTRY--PERSONAL NAME
Personal name Behrman, Richard E.,
Dates associated with a name 1931-
Relator term editor
9 (RLIN) 146789
Personal name Kliegman, Robert
Relator term editor
Relator code edt
9 (RLIN) 146786
Personal name Jenson, Hal B.
Relator term editor
Relator code edt
9 (RLIN) 151538
942 ## - ADDED ENTRY ELEMENTS (KOHA)
Source of classification or shelving scheme National Library of Medicine
Koha item type Book
Holdings
Withdrawn status Lost status Source of classification or shelving scheme Not for loan Collection code Home library Current library Shelving location Date acquired Source of acquisition Inventory number Total Checkouts Full call number Date last seen Copy number Date shelved Koha item type Public note
    National Library of Medicine Ödünç Verilemez-Kurumiçi kullanım / Not for loan-For inhouse use Tıp Koleksiyonu Tıp Fakültesi Medikal Kütüphane Tıp Fakültesi Medikal Kütüphane Tıp Koleksiyonu / Medical Collection 21/04/2026 Bağış / Donation TIP   WS 100 N424 2000 TıpFaK 22/04/2026 1 22/04/2026 Book Donated by Uzm. Dr. Şahika Baysun
Devinim Yazılım Eğitim Danışmanlık tarafından Koha'nın orjinal sürümü uyarlanarak geliştirilip kurulmuştur.